Biographical dictionary of evangelicals / (Record no. 1755)

MARC details
000 -LEADER
fixed length control field 01319cam a22003254a 4500
001 - CONTROL NUMBER
control field 13131958
003 - CONTROL NUMBER IDENTIFIER
control field GBCCL
005 - DATE AND TIME OF LATEST TRANSACTION
control field 20241126110408.0
008 - FIXED-LENGTH DATA ELEMENTS--GENERAL INFORMATION
fixed length control field 030321s2003 enk bd 001 0ceng
010 ## -
-- 2003006847
020 ## - INTERNATIONAL STANDARD BOOK NUMBER
International Standard Book Number 0830829253
020 ## - INTERNATIONAL STANDARD BOOK NUMBER
International Standard Book Number 0851119964 (U.K.)
040 ## - CATALOGING SOURCE
Original cataloging agency DLC
Transcribing agency DLC
Modifying agency DLC
042 ## -
-- pcc
050 00 -
-- BR1643.A1
-- B56 2003
082 00 - DEWEY DECIMAL CLASSIFICATION NUMBER
Classification number 270.820922
-- B
Edition information 21
Item number BIO
245 00 - TITLE STATEMENT
Title Biographical dictionary of evangelicals /
Statement of responsibility, etc. editor, Timothy Larsen ; consulting editors, D.W. Bebbington, Mark A. Noll ; organizing editor, Steve Carter.
260 ## - PUBLICATION, DISTRIBUTION, ETC.
Place of publication, distribution, etc. Leicester, England ;
-- Downers Grove, Ill. :
Name of publisher, distributor, etc. InterVarsity Press,
Date of publication, distribution, etc. 2003.
300 ## - PHYSICAL DESCRIPTION
Extent xvii, 789 p. ;
Dimensions 24 cm.
504 ## - BIBLIOGRAPHY, ETC. NOTE
Bibliography, etc. note Includes bibliographical references and indexes.
650 #0 - SUBJECT ADDED ENTRY--TOPICAL TERM
Topical term or geographic name entry element Evangelicalism
Form subdivision Dictionaries.
9 (RLIN) 3621
650 #0 - SUBJECT ADDED ENTRY--TOPICAL TERM
Topical term or geographic name entry element Christian biography
Form subdivision Dictionaries.
9 (RLIN) 1351
700 1# - ADDED ENTRY--PERSONAL NAME
Personal name Larsen, Timothy,
Dates associated with a name 1967-
9 (RLIN) 3622
700 1# - ADDED ENTRY--PERSONAL NAME
Personal name Bebbington, David,
Dates associated with a name 1949-
9 (RLIN) 3623
700 1# - ADDED ENTRY--PERSONAL NAME
Personal name Noll, Mark A.,
Dates associated with a name 1946-
9 (RLIN) 3624
856 41 - ELECTRONIC LOCATION AND ACCESS
Materials specified Table of contents
Uniform Resource Identifier <a href="http://www.loc.gov/catdir/toc/ecip041/2003006847.html">http://www.loc.gov/catdir/toc/ecip041/2003006847.html</a>
906 ## - LOCAL DATA ELEMENT F, LDF (RLIN)
a 7
b cbc
c orignew
d 1
e ecip
f 20
g y-gencatlg
942 ## - ADDED ENTRY ELEMENTS (KOHA)
Source of classification or shelving scheme Dewey Decimal Classification
Koha item type Reference Books
Holdings
Withdrawn status Lost status Source of classification or shelving scheme Damaged status Not for loan Home library Current Library Shelving location Date acquired Total checkouts Full call number Barcode Date last seen Copy number Price effective from Koha item type
    Dewey Decimal Classification     GRACE BIBLE COLLEGE GRACE BIBLE COLLEGE Dictionary 2017-05-23   270.820922 BIO 010141 2025-05-01 c.1 2017-05-23 Reference Books
© Grace Bible College Library 2025